| 000 | 00854nam a22002417a 4500 | ||
|---|---|---|---|
| 005 | 20250114124840.0 | ||
| 007 | cr |||aaa||||| | ||
| 008 | 250105s1991 mx|||||go|||| 00| 0 spa d | ||
| 020 | _a9782821855557 | ||
| 040 |
_aMX-MxUPN _bspa _cMX-MxUPN _eaacr2 |
||
| 041 | _aspa | ||
| 050 | 1 | 4 | _aF1296 |
| 100 | 1 |
_aCalvo, Thomas _955102 |
|
| 245 | 1 | 0 |
_aPoder, religión y sociedad en la Guadalajara del siglo XVII _h[recurso electrónico en línea] |
| 260 |
_aMéxico : _bCentro de Estudios Mexicanos y Centroamericanos, _c1991. |
||
| 300 | _a1 recurso en línea (423 páginas) | ||
| 504 | _aIncluye referencias bibliográficas e índices. | ||
| 506 | 0 | _aAcceso abierto | |
| 651 | 4 |
_aGuadalajara, Jalisco _xHistoria _ySiglo XVII _955103 |
|
| 856 | 4 | 0 | _uhttps://doi.org/10.4000/books.cemca.3296 |
| 902 | _bMaríaRobles/040125 | ||
| 942 |
_2lcc _cLIBRO-E |
||
| 999 |
_c212399 _d212399 |
||